Las grandes corrientes de la literatura en el siglo XIX
Đã lưu trong:
| Tác giả chính: | |
|---|---|
| Định dạng: | Sách |
| Ngôn ngữ: | Tiếng Tây Ban Nha |
| Được phát hành: |
Buenos Aires
Americalee
1924
|
| Những chủ đề: | |
| Các nhãn: |
Thêm thẻ
Không có thẻ, Là người đầu tiên thẻ bản ghi này!
|
MARC
| LEADER | 00000nam a2200000 a 4500 | ||
|---|---|---|---|
| 001 | UCQ4367 | ||
| 003 | CL-VaPUC | ||
| 008 | 980904e19240000AG |||||||||||||||||spa|d | ||
| 082 | 0 | 4 | |a 809 |b BRA |2 21 |
| 100 | |a Brandes, George |e author |9 378285 | ||
| 245 | 1 | 4 | |a Las grandes corrientes de la literatura en el siglo XIX |
| 300 | |a v | ||
| 942 | |c BK | ||
| 945 | |d 19980904 00:00:00 |a crobeson | ||
| 260 | |a Buenos Aires |b Americalee |c 1924 | ||
| 500 | |a v.1: La literatura de emigrantes, la escuela romántica en Alemania, la reacción en Francia, el naturalismo en Inglaterra | ||
| 650 | 0 | |a Literatura |9 259151 | |
| 650 | 0 | |a Literatura alemana |9 265457 | |
| 650 | 0 | |a Literatura francesa |9 266330 | |
| 650 | 0 | |a Literatura inglesa |9 312907 | |
| 650 | 0 | |a Historia y crítica |9 257407 | |
| 583 | |a last modification |c 19980904 00:00:00 |k Rodrigo Vera | ||
| 999 | |c 274751 |d 274749 | ||
| 952 | |0 0 |1 0 |4 0 |6 809_000000000000000_BRA_1924 |7 0 |8 A |9 311054 |a BIBEDU |b BIBEDU |d 2019-11-20 |h v.1 |i 1463381 |o 809 BRA 1924 |p 1463381 |r 2019-11-20 |w 2019-11-20 |y BK |k LIT | ||